<?xml version="1.0" encoding="UTF-8"?>
<record
    xmlns:xsi="http://www.w3.org/2001/XMLSchema-instance"
    xsi:schemaLocation="http://www.loc.gov/MARC21/slim http://www.loc.gov/standards/marcxml/schema/MARC21slim.xsd"
    xmlns="http://www.loc.gov/MARC21/slim">

  <leader>00538nam a2200181Ia 4500</leader>
  <datafield tag="952" ind1=" " ind2=" ">
    <subfield code="0">0</subfield>
    <subfield code="1">0</subfield>
    <subfield code="2">ddc</subfield>
    <subfield code="4">0</subfield>
    <subfield code="7">0</subfield>
    <subfield code="8">BOTANY</subfield>
    <subfield code="a">MES</subfield>
    <subfield code="b">MES</subfield>
    <subfield code="c">BOTANY</subfield>
    <subfield code="d">2019-02-20</subfield>
    <subfield code="g">285.00</subfield>
    <subfield code="l">6</subfield>
    <subfield code="m">7</subfield>
    <subfield code="o">585 VAS/B</subfield>
    <subfield code="p">30948</subfield>
    <subfield code="r">2023-11-27 14:00:48</subfield>
    <subfield code="s">2023-11-07</subfield>
    <subfield code="t">1</subfield>
    <subfield code="w">2019-02-20</subfield>
    <subfield code="y">BK</subfield>
    <subfield code="z">GL19R5</subfield>
  </datafield>
  <datafield tag="952" ind1=" " ind2=" ">
    <subfield code="0">0</subfield>
    <subfield code="1">0</subfield>
    <subfield code="2">ddc</subfield>
    <subfield code="4">0</subfield>
    <subfield code="7">0</subfield>
    <subfield code="8">BOTANY</subfield>
    <subfield code="a">MES</subfield>
    <subfield code="b">MES</subfield>
    <subfield code="c">BOTANY</subfield>
    <subfield code="d">2019-02-20</subfield>
    <subfield code="g">315.00</subfield>
    <subfield code="l">4</subfield>
    <subfield code="m">5</subfield>
    <subfield code="o">585 VAS/B</subfield>
    <subfield code="p">33792</subfield>
    <subfield code="r">2022-05-18 00:00:00</subfield>
    <subfield code="s">2022-05-09</subfield>
    <subfield code="t">2</subfield>
    <subfield code="w">2019-02-20</subfield>
    <subfield code="y">BK</subfield>
    <subfield code="z">GL19R5</subfield>
  </datafield>
  <datafield tag="999" ind1=" " ind2=" ">
    <subfield code="c">1677</subfield>
    <subfield code="d">1677</subfield>
  </datafield>
  <controlfield tag="003">OSt</controlfield>
  <controlfield tag="005">20200922113815.0</controlfield>
  <controlfield tag="008">190216s9999||||xx |||||||||||||| ||und||</controlfield>
  <datafield tag="020" ind1=" " ind2=" ">
    <subfield code="a">9788121926188</subfield>
  </datafield>
  <datafield tag="040" ind1=" " ind2=" ">
    <subfield code="c">oclc</subfield>
  </datafield>
  <datafield tag="082" ind1=" " ind2=" ">
    <subfield code="a">585</subfield>
    <subfield code="b">VAS/B</subfield>
  </datafield>
  <datafield tag="100" ind1=" " ind2=" ">
    <subfield code="a">Vashishta, P C</subfield>
    <subfield code="9">4771</subfield>
  </datafield>
  <datafield tag="245" ind1=" " ind2="0">
    <subfield code="a">Botany For Degree Students:</subfield>
    <subfield code="b">Gymnosperms /</subfield>
    <subfield code="c">P C Vashishta ; A K Sinha ; Anil Kumar</subfield>
  </datafield>
  <datafield tag="260" ind1=" " ind2=" ">
    <subfield code="b">S Chand &amp; Company,</subfield>
    <subfield code="a">New Delhi:</subfield>
    <subfield code="c">2005.</subfield>
  </datafield>
  <datafield tag="300" ind1=" " ind2=" ">
    <subfield code="a">580p</subfield>
  </datafield>
  <datafield tag="650" ind1=" " ind2=" ">
    <subfield code="a">Botany</subfield>
  </datafield>
  <datafield tag="942" ind1=" " ind2=" ">
    <subfield code="c">BK</subfield>
    <subfield code="2">ddc</subfield>
    <subfield code="h">585</subfield>
    <subfield code="i">VAS/B</subfield>
    <subfield code="k">585</subfield>
    <subfield code="m">VAS/B</subfield>
  </datafield>
</record>
